LEADER 01733nam0 22003733i 450 001 VAN00280944 005 20260312105649.843 010 $a978-88-291-1207-4 100 $a20240911d2023 |0itac50 ba 101 $aita 102 $aIT 105 $a|||| ||||| 181 $ai$b e 182 $an 183 $anc 200 1 $aCodice dell'ambiente$eAggiornato con: il D.L.vo 23.12.2022, n. 213, di riforma della parte IV del D.L.vo n. 152/2006. Il D.L.vo 23.2.2023, n 18, qualità delle acque destinate al consumo umano. Il D.M. 4.4.2023, n. 59, entrata in vigore del RENTRI. Il D.M. 10.7.2023, n. 119, in materia di preparazione per il riutilizzo. La L. 9.10.2023, n. 137, nuove sanzioni per i reati ambientali$fStefano Maglia 205 $a34. ed 210 $aPiacenza$cLa Tribuna$d2023 215 $a2679 p.$d19 cm 410 1$1001VAN00073934$12001 $aˆI ‰codici commentati con la giurisprudenza$1210 $aPiacenza$cLa tribuna 620 $dPiacenza$3VANL000026 702 1$aMaglia$bStefano$3VANV004423 710 02$aItalia$3VANV001942$0423419 712 $aLa Tribuna $3VANV108001$4650 791 02$aRepubblica italiana$zItalia$3VANV057868 791 02$aRegno d'Italia <1861-1946>$zItalia$3VANV057870 791 02$aItalia $zItalia$3VANV057871 791 02$aItalia $zItalia$3VANV057873 801 $aIT$bSOL$c20260313$gRICA 899 $aBIBLIOTECA DEL DIPARTIMENTO DI GIURISPRUDENZA$1IT-CE0105$2VAN00 912 $aVAN00280944 950 $aBIBLIOTECA DEL DIPARTIMENTO DI GIURISPRUDENZA$d00CONS IV.B.30 $e00UBG10278 20240911 996 $aCodice dell'ambiente$9145309 997 $aUNICAMPANIA